000 00440nam a2200157Ia 4500
008 160316s2013 xxu||||| |||| 00| 0 eng d
082 _a345.540000
_bSHO
100 _a
245 _aShort notes and multiple questions : The Indian penal code act xlv of 1860
250 _a
260 _aNagpur
_bLexis Nexis
_c2013
300 _a278p
_b
_cv
365 _b Rs. 295
650 _a1. Criminal Law - Indian Penal Code - India
700 _a
_a
999 _c35071
_d35071